[Event "8th Savaria Summer IM"]
[Site "Szombathely HUN"]
[Date "2008.08.14"]
[Round "1"]
[White "Pataki,G"]
[Black "Mihok,O"]
[Result "1/2-1/2"]
[WhiteElo "2364"]
[BlackElo "2346"]

1.d4 Nf6 2.c4 e6 3.Nc3 Bb4 4.Qc2 O-O 5.a3 Bxc3+ 6.Qxc3 b6 7.Bg5 Bb7 8.f3 h6
9.Bh4 d5 10.e3 Nbd7 11.cxd5 Nxd5 12.Bxd8 Nxc3 13.Bh4 Nd5 14.Bf2 c5 15.e4 Ne7
16.Ne2 Rac8 17.Nc3 cxd4 18.Bxd4 Rfd8 19.Bb5  1/2-1/2

[Event "Independence Cup G"]
[Site "Kyiv UKR"]
[Date "2008.08.21"]
[Round "9"]
[White "Gladyszev,O"]
[Black "Nyzhnyk,I"]
[Result "0-1"]
[WhiteElo "2473"]
[BlackElo "2428"]

1.d4 Nf6 2.c4 e6 3.Nc3 Bb4 4.Qc2 O-O 5.a3 Bxc3+ 6.Qxc3 b6 7.Bg5 Bb7 8.e3 d6
9.Ne2 Nbd7 10.Qc2 Qe7 11.Nc3 a5 12.Rd1 h6 13.Bh4 g5 14.Bg3 Nh5 15.Qe2 Ng7
16.f3 f5 17.e4 fxe4 18.fxe4 Nf6 19.Kd2 Nfh5 20.Kc1 e5 21.Bf2 exd4 22.Bxd4 Rae8
23.g3 Nf6 24.Bg2 Nd7 25.Qc2 c5 26.Bxg7 Kxg7 27.Nb5 Rf6 28.Qd2 Ref8 29.Nxd6 Rf2
30.Qc3+ Kg8 31.Nxb7 Rxg2 32.Nd6 Rff2 33.Rd5 Nf6 34.Rd3 Rxb2 35.Re1 Ra2 36.Nf5 Qe6
37.Kb1 Rae2 38.Red1 Qxe4 39.Nd6 Qe6 40.Rf3 Rb2+  0-1

[Event "44th Rubinstein Mem Open A"]
[Site "Polanica Zdroj POL"]
[Date "2008.08.21"]
[Round "3"]
[White "Szoen,D"]
[Black "Markowski,P"]
[Result "1-0"]
[WhiteElo "2477"]
[BlackElo "2119"]

1.d4 Nf6 2.c4 e6 3.Nc3 Bb4 4.Qc2 O-O 5.a3 Bxc3+ 6.Qxc3 b6 7.Bg5 Bb7 8.e3 Re8
9.Nh3 h6 10.Bh4 d6 11.f3 e5 12.dxe5 Rxe5 13.Nf2 Nbd7 14.Be2 Qe8 15.e4 d5
16.cxd5 Nxd5 17.Qd2 Nc5 18.Bc4 Nxe4 19.fxe4 Rxe4+ 20.Nxe4 Qxe4+ 21.Qe2 Ne3
22.Bf2 Nxc4 23.Qxe4 Bxe4 24.Bd4 c5 25.Bc3 Ne3 26.Kf2 Ng4+ 27.Kg3 f5 28.Rhd1 Ne3
29.Rd7 g5 30.Kf2 f4 31.h4 g4 32.g3 Nf5 33.gxf4 g3+ 34.Kg1 Re8 35.Rad1 Kf8
36.Rxa7 Bc6 37.Rc7 Ba4 38.Rd5 Nxh4 39.Rh5 Nf3+ 40.Kg2 Bd1 41.Rf5+  1-0

[Event "Open A"]
[Site "Vladimir RUS"]
[Date "2008.08.21"]
[Round "9"]
[White "Savina,A"]
[Black "Chulivska,V"]
[Result "1-0"]
[WhiteElo "2269"]
[BlackElo "2238"]

1.d4 Nf6 2.c4 e6 3.Nc3 Bb4 4.Qc2 O-O 5.a3 Bxc3+ 6.Qxc3 b6 7.Nf3 Bb7 8.e3 d6
9.Be2 Nbd7 10.b4 c5 11.Bb2 Rc8 12.O-O Qe7 13.Rfd1 Ne4 14.Qb3 Ndf6 15.Ne1 d5
16.dxc5 bxc5 17.h3 Rfd8 18.Nf3 dxc4 19.Bxc4 Nd6 20.bxc5 Nxc4 21.Rxd8+ Qxd8
22.Qxc4 Ne4 23.Qd4 Qf8 24.c6 Bxc6 25.Qxa7 Bd5 26.Qd4 Rc2 27.Rc1 Rxc1+ 28.Bxc1 f6
29.Nd2 Qc8 30.Bb2 Qc2 31.Nxe4 Qb1+ 32.Kh2 Qxe4 33.Qxe4 Bxe4 34.a4 Kf7 35.a5 Bb7
36.g4 Kg6 37.Kg3 h5 38.f3 Kg5 39.h4+ Kg6 40.Ba3 e5 41.Bb2 e4 42.fxe4 hxg4
43.Kxg4 Bxe4 44.a6 f5+ 45.Kf4 Kh5 46.Bxg7 Kxh4 47.Ke5 Kg5 48.Bf8 Ba8 49.a7 Bb7
50.Bd6 Kg4 51.Kd4 f4 52.exf4 Kf5 53.Kc5 Ke6 54.Kb6 Bd5 55.Kc7  1-0

[Event "44th Rubinstein Mem Open A"]
[Site "Polanica Zdroj POL"]
[Date "2008.08.22"]
[Round "4"]
[White "Leniart,A"]
[Black "Kocwin,B"]
[Result "0-1"]
[WhiteElo "2391"]
[BlackElo "2245"]

1.d4 Nf6 2.c4 e6 3.Nc3 Bb4 4.Qc2 O-O 5.a3 Bxc3+ 6.Qxc3 Ne4 7.Qc2 f5 8.Nf3 b6
9.g3 Bb7 10.Bg2 c5 11.dxc5 bxc5 12.O-O Nc6 13.Be3 d6 14.Nd2 Nf6 15.h3 Qe7
16.Rad1 Nd8 17.Bxb7 Qxb7 18.Nb1 Nf7 19.Nc3 Rab8 20.Bc1 Rfd8 21.f3 Qb3 22.Qxb3 Rxb3
23.Nb1 Ne5 24.Nd2 Rb6 25.g4 g6 26.b3 Kf7 27.Bb2 Nc6 28.e4 Na5 29.e5 Ne8 30.exd6 Rbxd6
31.b4 Nxc4 32.Nxc4 Rxd1 33.Ne5+ Kf8 34.bxc5 Rxf1+ 35.Kxf1 Rd2 36.Bc3 Rc2
37.Bb4 Nc7 38.Ke1 Nd5 39.Kd1 Ne3+ 40.Ke1 Ke8 41.c6 Nd5 42.Kd1 Rh2 43.Bd6 Rxh3
44.c7 Nb6 45.gxf5 gxf5 46.a4 Nc8 47.Bc5 Rh2 48.a5 Ra2 49.Bb4 h5 50.Be1 h4
51.Bxh4 Rxa5 52.Bg3 Rc5 53.Nd3 Rc4 54.Kd2 a5 55.Nb2 Rc6 56.Kd3 Nb6 57.Kd4 a4  0-1

[Event "44th Rubinstein Mem Open A"]
[Site "Polanica Zdroj POL"]
[Date "2008.08.22"]
[Round "4"]
[White "Nowak,Mal"]
[Black "Chlost,M"]
[Result "1-0"]
[WhiteElo "2052"]
[BlackElo "2131"]

1.d4 Nf6 2.c4 e6 3.Nc3 Bb4 4.Qc2 O-O 5.a3 Bxc3+ 6.Qxc3 b5 7.cxb5 c6 8.Qd3 cxb5
9.Bg5 h6 10.Bh4 Nc6 11.Rb1 b4 12.e3 Rb8 13.Bxf6 Qxf6 14.Rc1 Rb6 15.Be2 Qe7
16.Rc5 e5 17.axb4 exd4 18.exd4 Nxb4 19.Qc3 d6 20.Rxc8 Rxc8 21.Qxc8+ Kh7 22.Qc3 d5
23.Kd1 Qe4 24.Nf3 Rc6 25.Qxb4 Qb1+ 26.Kd2 Qxh1 27.Ne1 Qxh2 28.Qb3 Rb6 29.Qc2+ g6
30.g3 Qxf2 31.Qc3 a5 32.b3 Qf6 33.Nf3 Kg7 34.Bd1 Qd6 35.Qxa5 Ra6 36.Qc5 Ra2+
37.Kc3 Qxg3 38.Qxd5 Qf2 39.Qe5+ Kh7 40.Qe7 Qb2+ 41.Kc4 Qc1+ 42.Kb5 Qf4 43.d5 Qb8+
44.Kc4 Ra7 45.Qf6 Rc7+ 46.Kd3 Qb5+ 47.Ke4 Qb4+ 48.Nd4 Qe1+ 49.Be2 Qb1+ 50.Ke5 Qg1
51.d6 Qh2+ 52.Kd5 Ra7 53.Bb5 Qg2+ 54.Kc5 Qa8 55.d7 Qf8+ 56.Qd6 Qd8 57.b4 Ra3
58.Nc6 Qg5+ 59.Kb6 Ra8 60.Nb8 Qe3+ 61.Kb7 Qa7+ 62.Kc8  1-0

[Event "44th Rubinstein Mem Open A"]
[Site "Polanica Zdroj POL"]
[Date "2008.08.23"]
[Round "5"]
[White "Kocwin,B"]
[Black "Kveinys,A"]
[Result "1/2-1/2"]
[WhiteElo "2245"]
[BlackElo "2527"]

1.d4 Nf6 2.c4 e6 3.Nc3 Bb4 4.Qc2 O-O 5.Bg5 c5 6.dxc5 Bxc5 7.e3 b6 8.Nf3 Bb7
9.Bd3 h6 10.h4 Nc6 11.a3 Be7 12.Rd1 Rc8 13.Qe2 d6 14.Bb1 Na5 15.Qd3 Re8 16.Nd2 Kf8
17.b4 hxg5 18.hxg5 Ng8 19.bxa5 Bxg5 20.Nde4 Be7 21.Rh8 f5 22.Nxd6 Qxd6 23.Qxd6 Bxd6
24.Rxd6 Rxc4 25.Ne2 Ke7 26.Rd4 Bd5 27.axb6 axb6 28.Rxc4 Bxc4 29.Nd4 Ra8 30.a4 Rxa4
31.Rxg8 Ra1 32.Rxg7+ Kf6 33.Rb7 Rxb1+ 34.Kd2 Bd5 35.Rb8 Bxg2 36.f4 Ke7 37.Kc2 Be4+
38.Kc3 Kd7 39.Kd2 Bd5 40.Kc2 Kc7 41.Kxb1 Kxb8 42.Kb2 Kc7 43.Kc3 Kd6 44.Kb4 Bc6
45.Ne2 Bg2 46.Nc3 Bc6 47.Kc4 e5 48.fxe5+ Kxe5 49.Ne2 Be8 50.Ng3 Bd7 51.Ne2 Bc6
52.Ng3 Kf6 53.Ne2 Kg5 54.Nd4 Bd7 55.Kd5 Kf6 56.Kd6  1/2-1/2

[Event "X Sants Open"]
[Site "Barcelona ESP"]
[Date "2008.08.24"]
[Round "3"]
[White "Alonso Rosell,A"]
[Black "Hernandez Carmenates,Hold"]
[Result "1/2-1/2"]
[WhiteElo "2393"]
[BlackElo "2582"]

1.d4 Nf6 2.c4 e6 3.Nc3 Bb4 4.Qc2 O-O 5.a3 Bxc3+ 6.Qxc3 b6 7.Bg5 Bb7 8.e3 d6
9.Ne2 Nbd7 10.Qd3 Ba6 11.Nc3 d5 12.Qc2 Bxc4 13.Bxc4 dxc4 14.Qa4 c5 15.Qxc4 cxd4
16.Qxd4 Nc5 17.Bxf6 Qxf6 18.Qxf6 gxf6 19.O-O-O Rfc8 20.Kb1 Rd8 21.Kc2 Kf8
22.b4 Nb7 23.g4 Ke7 24.Kb3 Rxd1 25.Rxd1 Nd6 26.Rd4 Rg8 27.Ne4 Nxe4 28.Rxe4 b5
29.Rd4 Rg5 30.h3 a6 31.Kc3 Rg6 32.e4 Rg8  1/2-1/2

[Event "44th Rubinstein Mem Open A"]
[Site "Polanica Zdroj POL"]
[Date "2008.08.24"]
[Round "6"]
[White "Kveinys,A"]
[Black "Kozak,Ma"]
[Result "1-0"]
[WhiteElo "2527"]
[BlackElo "2195"]

1.d4 Nf6 2.c4 e6 3.Nc3 Bb4 4.Qc2 O-O 5.a3 Bxc3+ 6.Qxc3 b6 7.Bg5 Bb7 8.f3 d5
9.e3 Re8 10.Bd3 Nbd7 11.cxd5 exd5 12.Ne2 h6 13.Bh4 Qe7 14.Bf2 c5 15.O-O Rac8
16.Qd2 Nf8 17.Ng3 Ne6 18.Nf5 Qf8 19.g4 g6 20.Ng3 Qd6 21.Ne2 h5 22.Bg3 Qe7
23.Bh4 Ng7 24.Bb5 Bc6 25.Ba6 Rc7 26.dxc5 bxc5 27.Qc3 d4 28.exd4 Nd5 29.Bxe7 Nxc3
30.Nxc3 cxd4 31.Bf6 dxc3 32.Bxc3 Re3 33.Rad1 Ne6 34.Rd3 Rxd3 35.Bxd3 Nf4
36.Be5 Nh3+ 37.Kg2 Rd7 38.Rc1 Bxf3+ 39.Kxf3 Rxd3+ 40.Kg2 f6 41.Bxf6 Nf4+
42.Kf2 hxg4 43.Rc3 Rd6 44.Rc8+ Kf7 45.Bh8 Ke6 46.Re8+ Kd5 47.Kg3 Ne6 48.Kxg4 Rc6
49.Bc3 Rc4+ 50.Kg3 a6 51.Ra8 Rc6 52.h4 Ke4 53.Kg4 Ke3 54.Kg3 Nc5 55.Re8+ Ne6
56.Re7 Rd6 57.Be5 Rc6 58.Rd7 Rc5 59.Bc3 Rc6 60.Rd5 Ke4 61.Rd1 Ke3 62.Rd7 Ke4
63.Rf7 Nd4 64.Rf4+  1-0

[Event "UAE President's Cup"]
[Site "Al Ain UAE"]
[Date "2008.08.25"]
[Round "3"]
[White "Saeed,I"]
[Black "Khouri,I"]
[Result "1-0"]
[WhiteElo "2219"]
[BlackElo "2083"]

1.d4 Nf6 2.c4 e6 3.Nc3 Bb4 4.Qc2 O-O 5.a3 Bxc3+ 6.Qxc3 d6 7.g3 e5 8.dxe5 dxe5
9.Bg2 Qe7 10.b3 Re8 11.Bb2 Nc6 12.Bxc6 bxc6 13.Nf3 e4 14.Ne5 c5 15.O-O-O Nh5
16.g4 Nf4 17.Qe3 Ng6 18.Rd5 Nxe5 19.Rxe5 Qf8 20.Qxe4 Rxe5 21.Qxe5 Rb8 22.Rd1 f6
23.Qxc7 Bxg4 24.f3 Bf5 25.e4 Be6 26.e5 fxe5 27.Qxe5 Re8 28.Rg1 Re7 29.Qxc5 Qxf3
30.Kb1 Bf5+ 31.Ka2 Rd7 32.Qc8+ Kf7 33.Rxg7+  1-0

[Event "UAE President's Cup"]
[Site "Al Ain UAE"]
[Date "2008.08.28"]
[Round "7"]
[White "Ali,Mah"]
[Black "Ali,Ab"]
[Result "0-1"]
[WhiteElo "2180"]
[BlackElo "2130"]

1.d4 Nf6 2.c4 e6 3.Nc3 Bb4 4.Qc2 O-O 5.a3 Bxc3+ 6.Qxc3 b6 7.Bg5 Bb7 8.Nf3 h6
9.Bh4 d6 10.e3 Nbd7 11.Bd3 c5 12.Rd1 Rc8 13.O-O cxd4 14.exd4 Bxf3 15.gxf3 Nd5
16.Bxd8 Nxc3 17.Be7 Nxd1 18.Rxd1 Rfe8 19.Bxd6 Rc6 20.c5 Nf6 21.Bb5 Rxd6 22.cxd6 Rd8
23.d7 Nxd7 24.d5 Nf6 25.d6 Nd5 26.d7 Kf8 27.Rd4 Ke7 28.Ra4 a5 29.Rc4 Nf6
30.Rc7 Nxd7 31.Rb7 Kd6 32.Bxd7 Rxd7 33.Rxb6+ Kc5 34.Rb8 h5 35.Kg2 Ra7 36.Kg3 Kd6
37.Kh4 g6 38.Kg5 Ke7 39.Rb5 a4 40.h4 Rd7 41.Ra5 Rd5+ 42.Rxd5 exd5 43.Kf4 Kf6
44.Ke3 g5  0-1

[Event "X Sants Open"]
[Site "Barcelona ESP"]
[Date "2008.08.28"]
[Round "7"]
[White "Akesson,R"]
[Black "Hernando Rodrigo,Ju"]
[Result "1-0"]
[WhiteElo "2481"]
[BlackElo "2354"]

1.d4 Nf6 2.c4 e6 3.Nc3 Bb4 4.Qc2 O-O 5.a3 Bxc3+ 6.Qxc3 b6 7.Bg5 Bb7 8.f3 d5
9.e3 Re8 10.Nh3 Nbd7 11.Be2 h6 12.Bh4 c5 13.dxc5 bxc5 14.Bf2 Ba6 15.Rd1 Rb8
16.Rd2 Qb6 17.O-O e5 18.cxd5 Bxe2 19.Rxe2 e4 20.Bg3 Rbd8 21.Rd1 Nh5 22.Nf2 Nxg3
23.hxg3 Qg6 24.f4 Qxg3 25.d6 g5 26.Nh3 Re6 27.Qa5 Rf8 28.Qe1 Qg4 29.Rf2 Rd8
30.Kh2 Nf6 31.Rfd2 Nh5 32.fxg5 hxg5 33.Rd5 f5 34.d7 Nf6 35.Rd6 f4 36.Qa5 Rxd6
37.Qxd8+ Kf7 38.Qxf6+ Kxf6 39.Rxd6+ Ke5 40.exf4+  1-0

[Event "ch-ISL"]
[Site "Reykjavik ISL"]
[Date "2008.08.28"]
[Round "2"]
[White "Thorfinnsson,Bj"]
[Black "Ulfarsson,M"]
[Result "1-0"]
[WhiteElo "2422"]
[BlackElo "2403"]

1.d4 Nf6 2.c4 e6 3.Nc3 Bb4 4.Qc2 O-O 5.e3 b6 6.Bd3 Bb7 7.Nf3 c5 8.a3 Bxc3+
9.Qxc3 d6 10.b3 Nbd7 11.Bb2 cxd4 12.Nxd4 a6 13.Nf3 Rc8 14.Rd1 b5 15.Qb4 bxc4
16.Bxc4 Nc5 17.O-O a5 18.Qe1 d5 19.Bd4 Qe7 20.b4 axb4 21.axb4 Na6 22.Be2 Nxb4
23.Rb1 Nc2 24.Bxf6 gxf6 25.Qa5 Ra8 26.Qb6 Rfb8 27.Rfc1 Qf8 28.Rxc2 Ba6 29.Bxa6 Rxb6
30.Rxb6 Qa3 31.Bf1 Qa1 32.Rbc6 Kg7 33.Nd4 Kg6 34.Rc1 Qa3 35.h3 Rb8 36.Kh2 Rb2
37.R1c3 Qa1 38.Bd3+ Kh6 39.Rc7 f5 40.Rxf7 Rxf2 41.Rc6 Kg6  1-0

[Event "XLII Open"]
[Site "Mislata ESP"]
[Date "2008.08.29"]
[Round "7"]
[White "Sospedra Sebastian,J"]
[Black "Angulo Martinez,J"]
[Result "1-0"]
[WhiteElo "2294"]
[BlackElo "2206"]

1.d4 Nf6 2.c4 e6 3.Nc3 Bb4 4.Qc2 O-O 5.Nf3 c5 6.dxc5 Na6 7.a3 Bxc3+ 8.Qxc3 Nxc5
9.e3 a5 10.Be2 a4 11.Nd4 Nfe4 12.Qb4 d6 13.O-O Bd7 14.f3 Na6 15.Qe1 Nec5
16.Bd2 e5 17.Nb5 Bxb5 18.cxb5 Nc7 19.Rd1 Qe8 20.Bb4 Nxb5 21.Qh4 Qc6 22.Qc4 Nc7
23.Rxd6 Qxd6 24.Bxc5 Qh6 25.Bxf8 Qxe3+ 26.Rf2 Rd8 27.Qxc7 Rd2 28.Bc5  1-0

[Event "2nd Open"]
[Site "Urumia IRI"]
[Date "2008.08.29"]
[Round "6"]
[White "Gagunashvili,M"]
[Black "Toufighi,H"]
[Result "1/2-1/2"]
[WhiteElo "2566"]
[BlackElo "2425"]

1.d4 e6 2.c4 Nf6 3.Nc3 Bb4 4.Qc2 O-O 5.a3 Bxc3+ 6.Qxc3 b6 7.Nf3 Ne4 8.Qc2 Bb7
9.g3 d5 10.Bg2 Nd7 11.O-O Rc8 12.cxd5 Bxd5 13.Be3 Nd6 14.Bf4 Nf6 15.Rac1 Nf5
16.e3 c5 17.dxc5 Rxc5 18.Qa4 Rxc1 19.Rxc1 Qa8 20.Ne1 Bxg2 21.Nxg2 Qf3 22.Ne1 Qe2
23.Qc2 Qb5 24.a4 Qa5 25.Nf3 h6 26.Be5 Qd5 27.Qd1 Qxd1+ 28.Rxd1 Rc8 29.Bxf6 gxf6
30.g4 Ne7 31.Rd7 Nd5 32.Nd4 Rc7 33.Rxc7 Nxc7 34.h4 Na6 35.Nb5 Nc5 36.Nxa7 Nxa4
37.b3 Nc5 38.b4 Na6 39.Nc6 Kf8 40.h5 f5 41.gxf5 exf5 42.f4 Nc7 43.Kf2 Nd5
44.b5 Nf6 45.Nd4 Nxh5 46.Nxf5 Nf6 47.Nxh6 Ne4+ 48.Kf3 Nd6 49.Ng4 Ke7 50.Ne5 Ke6
51.e4 f5 52.exf5+ Kxf5  1/2-1/2

[Event "UAE President's Cup"]
[Site "Al Ain UAE"]
[Date "2008.08.30"]
[Round "9"]
[White "Saleh,No"]
[Black "Khouri,I"]
[Result "0-1"]
[WhiteElo "1859"]
[BlackElo "2083"]

1.d4 Nf6 2.c4 e6 3.Nc3 Bb4 4.Qc2 O-O 5.Nf3 b6 6.Bg5 Bb7 7.e3 h6 8.Bh4 g5
9.Bg3 Ne4 10.Nd2 f5 11.f3 Bxc3 12.bxc3 Nxg3 13.hxg3 Qf6 14.O-O-O d6 15.Bd3 Nd7
16.Rh2 Kg7 17.Rdh1 Rh8 18.Qa4 Qf7 19.f4 Nf6 20.Bf1 Ng4 21.Rh5 Nxe3 22.R1h2 Nxf1
23.Nxf1 Bxg2 24.Qd1 Bxf1 25.Qxf1 Qf6 26.fxg5 hxg5 27.Qh1 Rxh5 28.Rxh5 Qg6
29.Rh2 Rf8 30.Qb7 Qf7 31.Qxa7 Rh8 32.Rxh8 Kxh8 33.Qb7 e5 34.dxe5 dxe5 35.Qc6 Kg7
36.a4 f4 37.gxf4 exf4 38.Qg2 Qf5 39.Kd2 f3 40.Qg3 f2 41.Qxc7+ Kg6 42.Qc6+ Kf7
43.Qc7+ Ke8 44.Qb8+ Ke7 45.Qb7+ Qd7+ 46.Qxd7+ Kxd7 47.Ke2 Kc6  0-1

[Event "TCh-MNE Premier"]
[Site "Herceg Novi MNE"]
[Date "2008.08.31"]
[Round "7"]
[White "Draganic,V"]
[Black "Nikcevic,N"]
[Result "0-1"]
[WhiteElo "2289"]
[BlackElo "2401"]

1.d4 Nf6 2.c4 e6 3.Nc3 Bb4 4.Qc2 O-O 5.a3 Bxc3+ 6.Qxc3 b6 7.Bg5 c5 8.dxc5 bxc5
9.e3 d6 10.Rd1 a5 11.Nf3 Ra6 12.Be2 Ne4 13.Bxd8 Nxc3 14.bxc3 Rxd8 15.Nd2 Kf8
16.f4 Nd7 17.Bf3 Rb6 18.Ke2 Ba6 19.Rb1 Rdb8 20.Rxb6 Rxb6  0-1

[Event "17th CRO-chT 1w"]
[Site "Sibenik CRO"]
[Date "2008.09.03"]
[Round "7"]
[White "Medic,Mir"]
[Black "Bazaj Bockai,S"]
[Result "1-0"]
[WhiteElo "2267"]
[BlackElo "2103"]

1.d4 Nf6 2.c4 e6 3.Nc3 Bb4 4.Qc2 O-O 5.a3 Bxc3+ 6.Qxc3 Ne4 7.Qc2 f5 8.e3 d6
9.Bd3 Nf6 10.f3 Nc6 11.Ne2 Kh8 12.Bd2 e5 13.dxe5 Nxe5 14.O-O Nh5 15.Ng3 Nxg3
16.hxg3 Be6 17.Kf2 d5 18.c5 d4 19.Rad1 dxe3+ 20.Bxe3 Qe8 21.Bf4 Nxd3+ 22.Rxd3 Qf7
23.Re3 Rfe8 24.Rfe1 c6 25.Be5 Rad8 26.Qc3 Rd5 27.Qb4 b6 28.cxb6 axb6 29.Bc3 Rb5
30.Qd6 f4 31.Rxe6 fxg3+ 32.Qxg3 Rxe6 33.Rxe6 Qxe6 34.Qxg7+  1-0

[Event "5th LGA Premium Cup"]
[Site "Nuernberg GER"]
[Date "2008.09.05"]
[Round "2"]
[White "Kregelin,J"]
[Black "Suess,H"]
[Result "1/2-1/2"]
[WhiteElo "2163"]
[BlackElo "2001"]

1.d4 Nf6 2.c4 e6 3.Nc3 Bb4 4.Qc2 O-O 5.e4 d6 6.Bd3 Nc6 7.Ne2 e5 8.d5 Ne7
9.a3 Bxc3+ 10.Qxc3 Ng6 11.O-O Nh5 12.b4 Qe7 13.c5 Ngf4 14.Nxf4 Nxf4 15.Bxf4 exf4
16.Rfe1 f6 17.f3 Qe5 18.Rac1 Rf7 19.Re2 Kf8 20.Rec2 Bd7 21.cxd6 Qxc3 22.Rxc3 cxd6
23.Rc7 Ba4 24.Rxf7+ Kxf7 25.Rc7+ Kf8 26.Rxb7 a6 27.h4 Bb5 28.Bxb5 axb5 29.Rxb5 Rxa3
30.Rb7 h5 31.Rd7 Rb3 32.Rxd6 Rxb4 33.Rd7 Rb3 34.Rc7 Rd3 35.Rc2 Ke7 36.Kf2 f5
37.Rc6 Kf7 38.Re6 g6 39.Re5 Kf6 40.Re6+ Kf7 41.Rd6 fxe4 42.fxe4 Re3 43.Re6 Rd3
44.Re5 Kf6 45.Rg5 Re3 46.d6 Rxe4 47.Rd5 Re8 48.d7 Rd8 49.Kf3 Ke6 50.Ke4 Rxd7
51.Rxd7 Kxd7 52.Kxf4 Ke6 53.Kg5 Kf7 54.Kh6 Kf6 55.Kh7 g5 56.Kh6 gxh4 57.Kxh5 h3  1/2-1/2

[Event "5th LGA Premium Cup"]
[Site "Nuernberg GER"]
[Date "2008.09.05"]
[Round "2"]
[White "Braun,A"]
[Black "Schuster,K"]
[Result "1-0"]
[WhiteElo "2533"]
[BlackElo "2238"]

1.d4 Nf6 2.c4 e6 3.Nc3 Bb4 4.Qc2 O-O 5.a3 Bxc3+ 6.Qxc3 b6 7.Bg5 h6 8.Bh4 Bb7
9.f3 d6 10.e4 c5 11.dxc5 bxc5 12.O-O-O Nxe4 13.Bxd8 Nxc3 14.Rxd6 Nc6 15.Bh4 Na4
16.b3 Nb6 17.Bf2 Na5 18.Kc2 Rac8 19.Ne2 Ba8 20.Nc3 Nb7 21.Rd1 f5 22.Be2 Rf7
23.Nb5 a5 24.Nd6 Nxd6 25.Rxd6 Nd7 26.Rxe6 a4 27.bxa4 Bc6 28.Rb1 Bxa4+ 29.Kc3 Nf8
30.Ra6 Bd7 31.Rb7 Ne6 32.Rd6 Nf4 33.Bd1 Bc6 34.Rxf7 Kxf7 35.Bxc5 Nxg2 36.Bd4 Nf4
37.c5 Nd5+ 38.Kc4 Ne7 39.f4 Ra8 40.Bb3 Kf8 41.Kb4 Rb8+ 42.Kc3 Ra8 43.Be5 Ke8
44.Bxg7 Rxa3 45.Kb4 Ra7 46.Bf6 Rb7+ 47.Kc3 Be4 48.Bxe7 Rxe7 49.Re6  1-0

[Event "5th LGA Premium Cup"]
[Site "Nuernberg GER"]
[Date "2008.09.07"]
[Round "6"]
[White "Frey,Al"]
[Black "Kulik,D"]
[Result "0-1"]
[WhiteElo "1939"]
[BlackElo "2205"]

1.d4 Nf6 2.c4 e6 3.Nc3 Bb4 4.Qc2 O-O 5.a3 Bxc3+ 6.Qxc3 Ne4 7.Qc2 f5 8.e3 b6
9.Bd3 Bb7 10.Ne2 Qh4 11.g3 Qf6 12.Rf1 Ng5 13.h4 Nf3+ 14.Kd1 c5 15.b3 cxd4
16.exd4 Nc6 17.Bb2 Ncxd4 18.Qc3 e5 19.Nxd4 Nxd4 20.f4 d6 21.Kc1 Qg6 22.Kb1 Qxg3
23.Ka2 Qxh4 24.Qb4 Rad8 25.Rae1 Bg2 26.Rg1 Nf3 27.fxe5 Nxe1 28.Rxe1 dxe5
29.Rxe5 Rxd3 30.Re7 Rd4 31.Rxa7 Rfd8 32.Qe1 R4d7  0-1

[Event "IV Geller Memorial"]
[Site "Odessa UKR"]
[Date "2008.09.09"]
[Round "1"]
[White "Makarov,P"]
[Black "Zherebukh,Y"]
[Result "0-1"]
[WhiteElo "2161"]
[BlackElo "2432"]

1.d4 Nf6 2.c4 e6 3.Nc3 Bb4 4.Qc2 O-O 5.a3 Bxc3+ 6.Qxc3 b6 7.Nf3 Bb7 8.e3 d6
9.Be2 Nbd7 10.b4 Ne4 11.Qc2 f5 12.O-O a5 13.Bb2 Qe7 14.Nd2 Qg5 15.Nf3 Qh6
16.d5 e5 17.Nd2 Ndf6 18.Nxe4 fxe4 19.Bc3 Bc8 20.bxa5 bxa5 21.Ra2 Bg4 22.Rb2 Qg6
23.Bxg4 Qxg4 24.Rb7 Qc8 25.Rfb1 c6 26.c5 cxd5 27.cxd6 Qe6 28.Re7 Qxd6 29.Rbb7 Rac8
30.Qb2 Qc6 31.Rxg7+ Kh8 32.Be1 Qc1 33.Qxc1 Rxc1 34.Kf1 d4 35.exd4 exd4 36.Ke2 d3+
37.Kd2 Rfc8 38.Rgf7 Nd5  0-1

[Event "DMP Ekstraliga"]
[Site "Karpacz POL"]
[Date "2008.09.13"]
[Round "8"]
[White "Olszewski,Mi"]
[Black "Leniart,A"]
[Result "1/2-1/2"]
[WhiteElo "2458"]
[BlackElo "2391"]

1.d4 Nf6 2.c4 e6 3.Nc3 Bb4 4.Qc2 O-O 5.e4 d5 6.e5 Ne4 7.Bd3 f5 8.Ne2 c5 9.a3 Ba5
10.cxd5 cxd4 11.b4 Nxc3 12.bxa5 Qxd5 13.O-O Qxe5 14.Nxd4 Qxd4 15.Bb2 Bd7
16.Bxc3 Qa4 17.Qb2 Bc6 18.Bc2 Qg4 19.f3 Qg6 20.Rad1 Na6 21.Be5 Rfd8 22.Qc3 Bd5
23.Qe3 Rac8 24.Bd3 Nc5 25.Be2 Nb3 26.Qxa7 Ra8 27.Qe3 Nxa5 28.Bc7 Rdc8 29.Bb6 Nc4
30.Bxc4 Rxc4 31.Bd4 h6 32.Rc1 Rac8 33.Rc3 Rxc3 34.Bxc3 Qg5 35.Qe5 h5 36.Kf2 h4
37.Rd1 Kh7 38.Rd3 h3 39.gxh3 Rc4 40.Qg3 Qh6 41.Qe5 Rh4 42.Bd2 Qh5 43.Bc3 Qh6
44.Bd2 Qg6 45.Qg3 Qxg3+ 46.Kxg3 Rc4 47.Rc3 Rd4 48.Bf4 Ra4 49.h4 Kg6 50.Be5 Rc4
51.Rxc4  1/2-1/2

[Event "4th ch-EU"]
[Site "Liverpool ENG"]
[Date "2008.09.14"]
[Round "6"]
[White "Fridman,D2"]
[Black "Wells,P"]
[Result "1-0"]
[WhiteElo "2637"]
[BlackElo "2526"]

1.d4 Nf6 2.c4 e6 3.Nc3 Bb4 4.Qc2 O-O 5.e4 d5 6.e5 Ne4 7.Bd3 c5 8.Ne2 cxd4
9.Nxd4 Nd7 10.Bf4 Ndc5 11.O-O Bxc3 12.bxc3 Nxd3 13.Qxd3 b6 14.cxd5 Qxd5 15.Rfd1 Bb7
16.c4 Qd8 17.f3 Nc5 18.Qe3 Qh4 19.Nb5 f5 20.exf6 Qxf6 21.Bd6 Rfd8 22.Rd4 Bc6
23.Be5 Qf8 24.Bxg7  1-0

[Event "Zvenigorodskaya Open A"]
[Site "Zvenigorod RUS"]
[Date "2008.09.25"]
[Round "1"]
[White "Nechepurenko,R"]
[Black "Derbenev,A"]
[Result "1-0"]
[WhiteElo "2476"]
[BlackElo "2302"]

1.d4 Nf6 2.c4 e6 3.Nc3 Bb4 4.Qc2 O-O 5.a3 Bxc3+ 6.Qxc3 d6 7.Nf3 Re8 8.g3 Nc6
9.Bg2 e5 10.d5 Ne7 11.O-O Nf5 12.b3 c6 13.dxc6 bxc6 14.Bb2 Rb8 15.Rab1 a5
16.e3 Ne4 17.Qc2 Nc5 18.Nd2 Ne7 19.Bc3 Bf5 20.e4 Bd7 21.Rfd1 Qc7 22.Nf1 f5
23.Qd2 fxe4 24.Qxd6 Qxd6 25.Rxd6 Bf5 26.Ne3 Bg6 27.Bxe5 Nf5 28.Rxg6 Rxe5
29.Rg5 g6 30.Ng4 Re7 31.Nh6+ Kh8 32.Nxf5 gxf5 33.b4 axb4 34.Rxb4 Rf8 35.Bh3 Nd3
36.Rb3 f4 37.gxf4 e3 38.fxe3 Rxe3 39.Bf1 Rd8 40.Rg3 Rxg3+ 41.hxg3 Nc5 42.Re3 Rd2
43.Bg2 Rd1+ 44.Kh2 Rd6 45.g4 Nd3 46.Kg3 h6 47.f5 Kg7 48.Bxc6 Rxc6 49.Rxd3 Rxc4
50.Rd7+ Kg8 51.Kh4 Ra4 52.Kh5 Ra6 53.Re7  1-0

[Event "Podillya It"]
[Site "Khmelnitsky UKR"]
[Date "2008.09.28"]
[Round "2"]
[White "Nechaev,An"]
[Black "Zherebukh,Y"]
[Result "0-1"]
[WhiteElo "2394"]
[BlackElo "2432"]

1.d4 Nf6 2.c4 e6 3.Nc3 Bb4 4.Qc2 O-O 5.a3 Bxc3+ 6.Qxc3 b6 7.Nf3 d6 8.e3 Bb7
9.Be2 Nbd7 10.O-O Ne4 11.Qc2 f5 12.b4 Ndf6 13.d5 e5 14.Ne1 a5 15.Rb1 Qd7
16.f3 Ng5 17.e4 f4 18.c5 Qf7 19.bxa5 Rxa5 20.Nd3 Rd8 21.cxb6 cxb6 22.Qb2 Raa8
23.Qxb6 Rab8 24.Nf2 h5 25.Bd2 h4 26.Rfc1 Qg6 27.Kf1 h3 28.Nxh3 Ngxe4 29.fxe4 Nxe4
30.Qa5 f3 31.gxf3 Nxd2+ 32.Qxd2 Bc8 33.Bd3 Bxh3+ 34.Kf2 Qg2+ 35.Ke3 Qg5+
36.Ke2 Qh5 37.Rg1 Rxb1 38.Bxb1 Rf8 39.Qc3 Bf5 40.Bxf5 Rxf5 41.Rg2 Qh3 42.Kf2 Kh7
43.Qd3 Kh6 44.Qe3+ g5 45.a4 Rf4 46.a5 e4  0-1

[Event "17th CRO-chT 1a"]
[Site "Sibenik CRO"]
[Date "2008.09.28"]
[Round "2"]
[White "Komljenovic,D"]
[Black "Lenic,L"]
[Result "1/2-1/2"]
[WhiteElo "2452"]
[BlackElo "2584"]

1.d4 Nf6 2.c4 e6 3.Nc3 Bb4 4.Qc2 O-O 5.a3 Bxc3+ 6.Qxc3 b6 7.Nf3 Ba6 8.Bg5 d6
9.e3 Nbd7 10.Bd3 c5 11.O-O h6 12.Bh4 cxd4 13.exd4 Rc8 14.b3 b5 15.Rfc1 bxc4
16.bxc4 Bxc4 17.Bxc4 d5 18.Qd3 dxc4 19.Rxc4 Qa5 20.h3 Nd5 21.Rac1 Qb5 22.a4 Qa6
23.Qb3 Rb8 24.Qa3 N7b6 25.Rc6 Qxa4 26.Qxa4 Nxa4 27.Ra6 Nac3 28.Rca1 Nb5 29.Bg3 Rb6
30.Ne5 Rc8 31.R6a5 Ndc3 32.Nd7 Rbc6 33.Ne5 Rb6 34.Nd7 Rb7 35.Nc5 Re7 36.Kh2 Rd8
37.Nb3 Rd5 38.Bb8 Rb7 39.Bf4 Rb6 40.Be3 f6 41.Nc5 Ne2 42.R1a4 Nec3 43.Rc4 Kf7
44.Nd3 Rb7 45.Nc5 Rb6 46.Nd3 Rb7 47.Nc5 Rc7 48.Bd2 Ne4 49.Bf4 Ned6 50.Bxd6 Nxd6
51.Rca4 Nc8 52.Ra6 e5 53.Nb3 Rb7 54.Rc4 Ne7 55.Ra3 exd4 56.Nxd4 Rbd7 57.Nc6 Nxc6
58.Rxc6 Re5 59.Rca6 Ree7 60.g4 Ke8 61.h4 Kd8 62.Kg3 Ke8 63.g5 hxg5 64.hxg5 fxg5
65.R6a5 Kd8 66.Rxg5 Kc8 67.Rga5 Kb8 68.f4 Rd6 69.f5 g6 70.Rb5+ Rb7 71.Rxb7+ Kxb7
72.fxg6 Rxg6+ 73.Kf2 Re6 74.Re3 Rxe3 75.Kxe3  1/2-1/2

[Event "Zvenigorodskaya Open A"]
[Site "Zvenigorod RUS"]
[Date "2008.09.28"]
[Round "6"]
[White "Derbenev,A"]
[Black "Filippov,An UZB"]
[Result "0-1"]
[WhiteElo "2302"]
[BlackElo "2531"]

1.d4 Nf6 2.c4 e6 3.Nc3 Bb4 4.Qc2 O-O 5.a3 Bxc3+ 6.Qxc3 d6 7.g3 Nbd7 8.Bg2 e5
9.Nf3 Qe7 10.O-O a5 11.b3 Re8 12.Bb2 e4 13.Ne1 d5 14.a4 Qe6 15.Nc2 c6 16.Ba3 h5
17.h4 Ng4 18.Bc1 Qg6 19.cxd5 cxd5 20.Bf4 Nf8 21.Ne3 Nxe3 22.Qxe3 Bg4 23.Rac1 Ne6
24.f3 exf3 25.exf3 Bf5 26.Rfe1 Bc2 27.Bf1 Nxf4 28.Qxf4 Rxe1 29.Rxe1 Bxb3
30.Bb5 Bc4 31.Bd7 Rf8 32.g4 hxg4 33.fxg4 Bd3 34.h5 Qb6 35.g5 Be4 36.Qe3 Qd6
37.Bh3 f5 38.gxf6 Rxf6 39.Rf1 Rxf1+ 40.Bxf1 Qf6 41.Bg2 Bxg2 42.Kxg2 Qf5 43.Qe8+ Kh7
44.Kg3 b6 45.Qc6 Qxh5 46.Qxb6 Qg6+  0-1

[Event "Zvenigorodskaya Open A"]
[Site "Zvenigorod RUS"]
[Date "2008.09.29"]
[Round "7"]
[White "Nechepurenko,R"]
[Black "Chernobay,A"]
[Result "1/2-1/2"]
[WhiteElo "2476"]
[BlackElo "2421"]

1.d4 Nf6 2.c4 e6 3.Nc3 Bb4 4.Qc2 O-O 5.a3 Bxc3+ 6.Qxc3 b6 7.Bg5 Bb7 8.e3 d6
9.Ne2 Nbd7 10.Qc2 c5 11.Rd1 Qe7 12.Nc3 cxd4 13.Rxd4 Rac8 14.f3 Ne5 15.Be2 Rc5
16.Bxf6 Qxf6 17.O-O Rfc8 18.b4 R5c6 19.Ne4 Qg6 20.Qb3 d5 21.b5 R6c7 22.Nd6 Rf8
23.Nxb7 dxc4 24.Qc3 Rxb7 25.f4 Nd3 26.Qxc4 Nc5 27.Bf3 Rbb8 28.Rfd1 Qf6 29.Bc6 e5
30.Rd5 exf4 31.Qxf4 Qe7 32.e4 Rbd8 33.h3 Ne6 34.Qe3 Nc5 35.Qf4 Ne6 36.Qd2 h6
37.Qe3  1/2-1/2